000 00345nam a2200097Ia 4500
082 _a323.0968|BRAN
245 0 _aExploring the core content of socio-economic rights : South African and international perspectives
100 _a Brand, Danie Pretoria, South Africa, 2002
_946017
942 _cBK
008 210817s9999 xx 000 0 und d
999 _c151732
_d151731